000 00535nam a2200181Ia 4500
003 GCL
008 140319s9999 xx 000 0 ara d
040 _aGCL /
_cGCL
082 0 4 _a818.03
_bا ر
100 1 _aاحمد صدقى الدجانى
245 1 0 _aرحلات ولحظات ممتدة /
_cاحمد صدقى الدجانى
260 _a[S.N] :
_bدار الطيف للمطبوعات ،
_c1987
300 _a241 ص
490 _a
650 0 4 _aالمذكرات
650 0 4 _aالتراجم الذاتية
942 _2ddc
_cBK
999 _c28704
_d28704